Score 0/50 Timer 06:00
1 Play Today
% Correct
Arrested
97.1%
Brady
96.7%
30
96.2%
Beverly
96%
Home
95.9%
Gilligan's
95.5%
Anger
95.5%
Golden
95.1%
Modern
95%
Three's
94.5%
Growing
93.6%
Family
93.4%
Cougar
92.9%
South
92.6%
Sister,
92.3%
Happy
92.2%
Diff'rent
92.1%
Full
90.7%
Odd
88.4%
American
88.2%
What's
87.7%
Hogan's
87.4%
Reno
86.5%
George
85.4%
Get
84.8%
% Correct
Yes,
83.9%
Spin
83.6%
Green
83.5%
Bosom
82.6%
Perfect
82.1%
Love
82%
Suddenly
81.3%
Punky
80.6%
Silver
80.2%
Murphy
79.7%
Empty
79.5%
Mister
78.9%
Fawlty
78.1%
New
78%
Night
76%
Good
74.9%
Flying
74.3%
Barney
72.7%
Designing
72.2%
Petticoat
72.2%
Living
71.2%
McHale's
70.7%
Here's
70.1%
F
63.4%
Mayberry
59.2%
Remove Ads.
Support Sporcle.
Get the best of Sporcle when you Go Orange. This ad-free experience offers more features, more stats, and more fun while also helping to support Sporcle. Thank you for becoming a member.

You're not logged in!

Compare scores with friends on all Sporcle quizzes.
OR
Log In

Show Comments

Extras

Top Quizzes Today


Score Distribution

Your Account Isn't Verified!

In order to create a playlist on Sporcle, you need to verify the email address you used during registration. Go to your Sporcle Settings to finish the process.

Report this User

Report this user for behavior that violates our Community Guidelines.

Details: